000 00212 a2200097 4500
001 26179
100 _aHornby A S
245 _aEnglish-Reader's Dictionary
260 _a
_bOxford Press
_c
090 _c17662
_d17662
942 _aNUST-CAE
_cM
_c8516
999 _c261252
_d261252